000 00499nam a2200169Ia 4500
005 20250508152520.0
008 008 250505s9999 xx 000 0 eng d
037 _aBooks to be hide in OPAC
040 _aFEDL
_beng
_cFEDL
041 _aeng
_2eng
084 _aFB, CHA/O
_qFEDL
100 _aChatterjee Bankim Chandra
245 0 _aKapalkundala (Bangali)
260 _aCalcutta, India
_bModern Book Agency Private Ltd.
_c1957
942 _cHB
_hFB, CHA/O
999 _c1336930
_d1336930